Statistics for Driest Cities in Oceania

Click here to take the quiz!

General Stats

  • This quiz has been taken 16 times
  • The average score is 5 of 9

Answer Stats

#Avge. RainfallAnswer% Correct
5536.5Adelaide
86%
8579.5Canberra
79%
4515.5Melbourne
79%
6565.9Hobart
50%
7577Christchurch
43%
2439.2Geelong
43%
3512.3Bendigo
36%
9635.4Ballarat
29%
1417Honolulu
21%

Score Distribution

Percentile by Number Answered

Percent of People with Each Score

Your Score History

You have not taken this quiz